000 00379pab a2200157 454500
008 180718b2011 xxu||||| |||| 00| 0 eng d
100 _aChandrasekhar, C.P.
245 _aNotes on neoliberalism and the future of the left
260 _c2011
300 _ap.20-34.
362 _aJan-Feb
650 _aLiberalism
773 _aSocial Scientist
908 _aN
909 _a91298
999 _c91298
_d91298